[Event "GER OL-235 email"]
[Site "GER email"]
[Date "2008.02.12"]
[Round "?"]
[White "Priehn, Peter"]
[Black "Riemann, Mark Karl"]
[Result "1-0"]
[WhiteElo "1609"]
[BlackElo "1640"]
[PlyCount "41"]
[EventDate "2008.??.??"]
[EventType "tourn (corr)"]
[EventRounds "6"]
[EventCountry "GER"]
[SourceTitle "Corr 2011"]
[Source "ChessBase"]
[SourceDate "2010.08.31"]
[SourceVersion "1"]
[SourceVersionDate "2010.08.31"]
[SourceQuality "1"]

1. e4 e5 2. Nf3 Bc5 3. Nxe5 d6 4. Nf3 Nc6 5. d4 Bb6 6. Bb5 Bd7 7. 0-0 Qf6 8. Nc3 0-0-0 9. Bg5 Qg6 10. Bxd8 Bh3 11. Nh4 Qg5 12. Bxg5 Bd7 13. Qh5 g6 14. Qf3 Nxd4 15. Bxd7+ Kxd7 16. Qxf7+ Kc6 17. Qe8+ Kc5 18. Na4+ Kb4 19. Bd2+ Kc4 20. b3+ Nxb3 21. axb3+ 1-0